000
00327nam a2200109Ia 4500
008
171211s9999 xx 000 0 und d
245
_a
Frame by Frame: The Guide to Non-Traditional Animation Techniques
245
_c
Tom Gasek
260
_c
2011
650
_x
Drawing
856
_u
http://down.ebook777.com/001/978-0240817286.pdf
999
_c
348050
_d
348050